000 00766cam a2200253 a 4500
001 000019683
005 20200929170112.0
008 771115s1957 sp 001 e spa d
040 _aDO-SdBNP
_cVtMiM
_dOCoLC
_dDLC
_dBNPHU
082 _a864.6
_bA996t, 1957
100 0 _aAzorín,
_d1873-1967.
_95278
245 1 0 _aTomás Rueda /
_cAzorín.
250 _a4a ed.
260 _aMadrid :
_bEspasa-Calpe,
_c1957.
300 _a149 p. ;
_c18 cm.
490 1 _aAustral. Verde: ensayos y filosofía
_v248
500 _aIncluye índice de autores
650 4 _aEnsayos españoles
_93095
650 4 _aLiteratura española
_9632
830 0 _aAustral.
_pVerde: ensayos y filosofía;
_v248
_98733
910 _aCatalogación derivada / LC
910 _aWM
049 _aBNGR
999 _c19198
_d19198